000 00700nam a22001697a 4500
003 UA-OsUOA
001 12380
007 ta
008 20050504b un ||||| |||| 00| 0 ukr d
942 _cSA
040 _aUA-OsUOA
_cUA-OsUOA
_dUA-OsUOA
245 _aПро удосконалення механізму виплати заробітної плати працівникам бюджетних установ та державної соціальної допомоги : Постанова Кабінету Міністрів , 22 квітня 2005 р. № 318
300 _aС.21
955 _a0
773 0 _w0
_tУрядовий кур'єр
_dКиїв
_d2005
_gN79/ 28 квіт./
650 7 _2UDC
999 _c298541
_d298541